000 00409nam a2200145Ia 4500
008 220217s9999||||xx |||||||||||||| ||und||
020 _a978-81-317-1837-7
082 _a005.1 LEV
100 _aLevitin, Anany
245 0 _aIntroduction to the design and analysis algorithms
250 _a2nd
260 _aPearson education of asia
_bNew Delhi
_c2007
300 _b375
650 _aCOMPUTER PROGRAMS
999 _c177214
_d177214